Tunnista eläin sen silmien perusteella III - Statistics

Yleistilastot
  • Tätä visaa on pelattu 126 kertaa
    124 viimeisimmän päivityksen jälkeen
  • Keskiarvotulos 8 / 9
Vastaustilastot
Kuvavisa Vastaus % Oikein
jääkarhu
99%
tiikeri
98%
gorilla
96%
papukaija
89%
rotta
89%
mustekala
86%
kapybara
71%
biisoni
67%
simpanssi
63%
Ehtoja vastaavia visoja ei löytynyt
Tulosjakauma
Jokaisen tuloksen saaneiden osuus
Persentiili vastausten määrän mukaan
Tuloshistoriasi
Et ole pelannut tätä visaa sen viimeisimmän päivityksen jälkeen